000 00437nam a2200169Ia 4500
008 230917s9999||||xx |||||||||||||| ||und||
020 _cRS270
040 _e228789
_aMAIN
041 _aEnglish
082 _a647.94 G959H
100 _aGupta, Rajat
245 0 _aHospitality and tourism
260 _aNoida
_bVikas Publishing
_c2015
300 _ax, 259 p.
500 _a2161 12/10/2015 HBD15/6525 26/10/2015 IHTM (SFS)
942 _cBK
999 _c16444
_d16444